Treatment of Indians in South Africa: a memorandum of facts (Record no. 371042)

000 -LEADER
fixed length control field 00462cam a22001457a 4500
008 - FIXED-LENGTH DATA ELEMENTS--GENERAL INFORMATION
fixed length control field 180718b1946 xxu||||| |||| 00| 0 eng d
082 ## - DEWEY DECIMAL CLASSIFICATION NUMBER
Classification number D8x68 K123
100 ## - MAIN ENTRY--PERSONAL NAME
Personal name Kajee, A.I.
245 ## - TITLE STATEMENT
Title Treatment of Indians in South Africa: a memorandum of facts
Statement of responsibility, etc. by A.I. Kajee and P.R. Pather
260 ## - PUBLICATION, DISTRIBUTION, ETC.
Place of publication, distribution, etc. Capetown
Name of publisher, distributor, etc. South African Indian Congress
Date of publication, distribution, etc. 1946
300 ## - PHYSICAL DESCRIPTION
Extent 84p.
500 ## - GENERAL NOTE
General note Rs.2.00
650 ## - SUBJECT ADDED ENTRY--TOPICAL TERM
Topical term or geographic name entry element Indians Abroad - Union of South Africa
700 ## - ADDED ENTRY--PERSONAL NAME
Personal name Pather, P.R.
Holdings
Withdrawn status Lost status Damaged status Not for loan Permanent Location Current Location Date acquired Full call number Barcode Date last seen Price effective from Koha item type
        Indian Institute of Public Administration Indian Institute of Public Administration 1994-06-08 D8x68 K123 27839 2018-07-21 2018-07-21 Book

Powered by Koha